=LDR 00000nam 2200000 4500 =001 INLIS000000000049048 =005 20170119091137.0 =006 =007 =008 =020 ##$$a 978-602-03-0238-6 =035 ##$$0010-011700000000329 =040 ##$$a NBPDMAT =082 ##$$a 613 =090 ##$$a 613 And m =100 ##$$a Andri Wang =245 ##$$a Menuju hidup sehat dan panjang umur : Merupakan manusia hidup hingga 100 tahun ? / $C Andri wang =260 ##$$a Jakarta : $a Gramedia pustaka utama, $c 2014 =300 ##$$a XII, 253 hlm . : $b ilus . ; $c 23 cm =500 ##$$a Bibliografi : hlm . 249-251 =500 ##$$a Biografi : hlm . 253 =650 ##$$a Kesehatan